Statystyki dla Zwycięzcy konkursów w sezonie 2004/2005 w skokach narciarskich

Kliknij tutaj aby rozwiązać quiz!

Ogólne statystyki

  • Ten quiz został rozwiązany 22 razy
  • Średni wynik to 6 z 9

Statystyki odpowiedzi

Liczba
zwycięstw
Skoczek/zawodnik% Poprawnych
4Adam Małysz
100%
12Janne Ahonen
95%
1Jakub Janda
85%
6Matti Hautamäki
85%
2Roar Ljøkelsøy
65%
1Bjørn Einar Romøren
50%
1Kazuyoshi Funaki
50%
1Andreas Widhölzl
40%
1Martin Höllwarth
40%

Rozkład punktacji

Percentyl według liczby udzielonych odpowiedzi

Procent ludzi z każdym wynikiem

Twoja historia wyników

Nie rozwiązałeś tego quizu